| 000 | 01212cam a2200373 i 4500 | ||
|---|---|---|---|
| 001 | 200448759 | ||
| 999 |
_c200448759 _d66971 |
||
| 003 | TR-AnTOB | ||
| 005 | 20260206135416.0 | ||
| 007 | ta | ||
| 008 | 151214s2006 tu a 000 0 tur d | ||
| 020 | _a9756461268 | ||
| 020 | _a978975641266 | ||
| 035 | _a(OCoLC)932137089 | ||
| 040 |
_aSTF _beng _erda _cSTF _dOCLCF _dSULEY _dTR-AnTOB |
||
| 041 | 0 | _atur | |
| 043 |
_aa-tu--- _aac----- |
||
| 050 | 1 | 4 |
_aDS17 _b.T8755 2006 |
| 090 |
_aDS17 _b.T8755 2006 |
||
| 100 | 1 |
_aTürkkan, Reha Oğuz, _d1920-2010 _eauthor _97076 |
|
| 245 | 1 | 0 |
_aUyuyan dev : _bTürk dünyası: 9 büyük proje / _cOrd. Prof. Dr. Reha Oğuz Türkkan. |
| 246 | 3 | 0 | _aTürk dünyası |
| 264 | 1 |
_aİstanbul : _bPozitif Yayınları, _c2006. |
|
| 300 |
_a347 pages : _billustrator ; _c21 cm |
||
| 336 |
_atext _btxt _2rdacontent |
||
| 337 |
_aunmediated _bn _2rdamedia |
||
| 338 |
_avolume _bnc _2rdacarrier |
||
| 650 | 7 |
_aPan-Turanizm _2etuturkob _912383 |
|
| 650 | 7 |
_aTürkler _2etuturkob _929966 |
|
| 650 | 7 |
_aUral-Altay halkları _96871 _2etuturkob |
|
| 651 | 0 |
_aTürkiye _xDış ilişkiler _zAsya, Orta _985741 |
|
| 651 | 0 |
_aAsya, Orta _xDış ilişkiler _zTürkiye _985740 |
|
| 942 |
_2lcc _cBK |
||